Sports Quiz

Random Sports or Baseball Quiz
Score 0/7 Timer 05:00
0 Plays Today
sport team % Correct
NFL TeamBengals
100%
NFL TeamBrowns
100%
NBA TeamCavaliers
93.8%
MLB TeamReds
87.5%
MLB TeamIndians
87.5%
NHL TeamBlue Jackets
75%
MLS TeamCrew
37.5%
Remove Ads.
Support Sporcle.
Get the best of Sporcle when you Go Orange. This ad-free experience offers more features, more stats, and more fun while also helping to support Sporcle. Thank you for becoming a member.

You're not logged in!

Compare scores with friends on all Sporcle quizzes.
OR
Log In

Sporcle TV

Today on Sporcle TV


Watch our educational content, quiz creation guides, and fun videos on Sporcle TV.

Show Comments

Extras

Top Quizzes Today


Score Distribution

Paid Content

Your Account Isn't Verified!

In order to create a playlist on Sporcle, you need to verify the email address you used during registration. Go to your Sporcle Settings to finish the process.

Report this User

Report this user for behavior that violates our Community Guidelines.

Details: